[Event "NOR-chT Codanserien 2017-18"]
[Site "Oslo"]
[Date "2017.12.02"]
[Round "2"]
[White "Tari, Aryan"]
[Black "Djurhuus, Rune"]
[Result "1-0"]
[WhiteElo "2593"]
[BlackElo "2421"]
[Annotator "TA"]
[PlyCount "67"]
[EventDate "2017.??.??"]
[EventType "team-tourn"]
[EventCountry "NOR"]
[SourceTitle "playchess.com"]
[Source "ChessBase"]
[SourceQuality "1"]

{[%evp 9,66,71,63,51,52,63,49,66,91,42,64,55,75,77,84,77,74,81,83,58,66,57,99,96,133,124,121,126,126,137,135,119,155,145,153,156,156,125,143,152,141,145,388,405,560,554,1302,1301,1001,326,641,640,1540,377,29991,29992,29992,29993,29999]} 1. e4 Nc6 2. d4 e5 3. dxe5 Nxe5 4. Nf3 Qf6 (4... Nxf3+ 5. Qxf3 d6 6. Nc3 Be7 7. Bf4 Nf6 8. h3 O-O 9. O-O-O Nd7 10. Nd5 Nb6 11. Bd3 Bg5 12. Kb1 Bxf4 13. Qxf4 {½-½ (48) Asis Gargatagli,H (2487)-Anton Guijarro,D (2635) Linares 2015}) 5. Nc3 Nxf3+ 6. gxf3 {B00: Damenfianchetto, Nimzowitsch-Verteidigung} Bb4 7. Bd2 Ne7 8. Qe2 {Weiß steht etwas besser.} b6 $146 ({Vorgänger:} 8... Ng6 9. O-O-O c6 10. Kb1 Bd6 11. h4 Nf4 12. Qe3 {1-0 (21) Morozov,D (2357)-Schrancz,I (2312) LSS email 2013}) 9. h4 Bb7 10. a3 Bc5 11. Bg5 Qc6 12. Qd2 a6 13. O-O-O O-O-O 14. Bh3 f6 15. Bf4 b5 16. h5 Kb8 17. Nd5 $1 ({Viel schlechter ist} 17. Bxd7 $6 Qb6 $14) 17... Nxd5 18. exd5 Qb6 19. b4 $1 {[%cal Rb4c5]} Bxf2 20. d6 $1 $36 {[%cal Rd6c7][%mdl 2048] Weiss hat starke Initiative.} cxd6 21. Rhf1 $1 Bh4 22. Bxd6+ Ka8 23. Bc5 Qc7 24. Qd4 $1 {[%cal Rd4h4]} Qg3 25. Bxd7 Bg5+ $2 ({Nicht} 25... Bxf3 $2 26. Rd3 $18) (25... Qe5 $16) 26. f4 $18 Bh6 27. Kb2 {zielt auf Dd6 ab.} Rxd7 28. Qxd7 {Droht Matt per Dc7.} Bxf4 {[#]} 29. Rg1 $2 (29. Rxf4 $1 {[%mdl 512] Weiss will mit Td6! Matt setzen.} Qxf4 30. Rd6) 29... Qf3 $2 (29... Be5+ 30. Bd4 Bxd4+ 31. Qxd4 Qc7) 30. Rxg7 Rb8 {[#] Jetzt ...Le5+ und Schwarz darf weiter klammern.} 31. Rd3 $2 (31. Qe6 $3 {[%mdl 512] Weiss droht Dxa6+! und Matt.} Rc8 {[#]} 32. Rg8 $1 {[%mdl 512]} Be5+ 33. Ka2) 31... Qxh5 $2 {[#]} (31... Qh1 $18 32. Rd1 (32. Rxh7 Qc1+ 33. Kb3 Qb1+ 34. Kc3 Qa2 $11) 32... Be5+ 33. Ka2 Qe4) 32. Qc6 $1 {[%mdl 512] Weiß setzt Matt.} Qe5+ (32... Bxc6 33. Ra7#) 33. Kb3 Bxc6 34. Ra7# {Precision: Weiß = 74%, Schwarz = 31%.} 1-0

[Event "NOR-chT Codanserien 2017-18"]
[Site "Oslo"]
[Date "2017.12.02"]
[Round "2"]
[White "Blomqvist, Erik"]
[Black "Predojevic, Borki"]
[Result "1/2-1/2"]
[WhiteElo "2499"]
[BlackElo "2625"]
[Annotator "TA"]
[PlyCount "69"]
[EventDate "2017.??.??"]
[EventType "team-tourn"]
[EventCountry "NOR"]
[SourceTitle "playchess.com"]
[Source "ChessBase"]
[SourceQuality "1"]

{[%evp 16,69,18,16,29,37,40,35,32,0,0,0,23,0,0,0,0,-14,0,0,0,0,0,0,-15,0,0,-20,0,0,0,-10,0,-4,0,0,0,0,0,0,0,0,0,0,0,0,0,0,0,0,0,0,0,0,0,0]} 1. e4 Nf6 2. e5 Nd5 3. d4 d6 4. Nf3 dxe5 5. Nxe5 c6 6. Bc4 Nd7 7. Nf3 {B04: Alekhine's Defence: 4 Nf3} e6 (7... g6 8. O-O Bg7 9. Re1 O-O 10. c3 Re8 11. Bg5 Nf8 12. Nbd2 Be6 13. Bh4 Qb6 14. Bb3 Rad8 15. Ne4 Nf4 16. Nc5 Bxb3 17. axb3 N8e6 18. Nxe6 Nxe6 {0-1 (37) Bologan,V (2681)-Mamedyarov,S (2764) Beijing 2012}) 8. O-O Be7 9. Bb3 {LiveBook: 3 Games} O-O 10. c4 N5f6 11. Nc3 c5 12. h3 $146 ({Predecessor:} 12. dxc5 Nxc5 13. Bc2 b6 14. Qe2 Bb7 15. Bf4 Qc8 16. Ne5 Ncd7 {½-½ (16) Pribyl,J (2432)-Forchert,M (2401) Germany 2007}) 12... cxd4 13. Nxd4 Ne5 14. Bf4 Ng6 {The position is equal.} 15. Be3 Bd7 16. Qf3 Qc8 17. Rfd1 a6 18. Rac1 Qc7 19. Ne4 Nxe4 20. Qxe4 b6 21. Qc2 Rad8 22. Ba4 Bc5 23. Bxd7 Rxd7 24. Nf3 Rxd1+ 25. Rxd1 Bxe3 26. fxe3 Qc5 27. Qe4 b5 28. cxb5 axb5 29. a3 h6 30. Qd4 Qc2 31. Rd2 Qc1+ 32. Rd1 Qc2 33. Rd2 Qc1+ 34. Rd1 Qc2 35. Rd2 {Precision: White = 67%, Black = 75%.} 1/2-1/2

[Event "NOR-chT Codanserien 2017-18"]
[Site "Oslo"]
[Date "2017.12.02"]
[Round "2"]
[White "Christiansen, Johan-Sebastian"]
[Black "Tryggestad, Andreas Garberg"]
[Result "1-0"]
[WhiteElo "2495"]
[BlackElo "2264"]
[Annotator "TA"]
[PlyCount "103"]
[EventDate "2017.??.??"]
[EventType "team-tourn"]
[EventCountry "NOR"]
[SourceTitle "playchess.com"]
[Source "ChessBase"]
[SourceQuality "1"]

{[%evp 21,103,24,15,25,21,21,38,28,69,62,62,77,49,29,197,191,143,152,145,158,136,74,77,57,88,14,20,21,63,-77,102,57,187,187,210,210,337,0,0,0,36,31,39,39,44,45,46,46,50,52,58,0,256,244,254,256,260,248,252,241,231,256,557,544,518,532,501,492,658,630,649,651,6452,856,815,757,816,798,29976,29977,29976,29976,6544,6338]} 1. e4 c5 2. Nf3 e6 3. d4 cxd4 4. Nxd4 Nc6 5. Nc3 Qc7 6. Be3 Nf6 7. f4 {B48: Sicilian: Taimanov: 5 Nc3 Qc7 6 Be3 a6 without Be2} Bb4 8. Ndb5 Qa5 9. e5 Nd5 10. Bd2 Nxc3 11. Nxc3 d5 {LiveBook: 19 Games} 12. exd6 Bxd6 13. a3 $146 ({Predecessor:} 13. Ne4 Bb4 14. a3 Bxd2+ 15. Qxd2 Qxd2+ 16. Kxd2 {½-½ (41) Motylev,A (2644)-Timofeev,A (2664) Moscow 2008}) 13... Qb6 14. Qg4 O-O 15. O-O-O $1 a6 16. Bd3 Qc7 17. Qh4 {[%csl Gd3][%cal Rh4h7]} h6 $2 (17... f5 $1 $11) 18. g4 $1 $18 Bxf4 19. g5 $1 Bxd2+ 20. Rxd2 Qe7 {[#]} 21. Qe4 (21. Ne4 $142 $1 {[%cal Re4f6]} Rd8 22. Qh5) 21... g6 $16 22. gxh6 Qg5 23. h7+ ({White should try} 23. h4 $16 Qxh6 24. Qg2) 23... Kh8 $1 $11 24. h4 Qh6 25. h5 (25. Qe1 $14 {keeps the upper hand.}) 25... g5 $2 (25... f5 $17 {and life is bright.} 26. Qe2 g5) 26. Rg1 f5 (26... e5 $14) 27. Qe3 $18 Kxh7 28. Rxg5 Rg8 {[#]} (28... Ne5 {was worth a try.} 29. Rdg2 Nf7) 29. Rdg2 $2 (29. Ne4 $1 $18 {Rxg8 would kill now.} Ne7 30. Qc5) 29... Rxg5 $11 30. Rxg5 Bd7 (30... Ne5 $5) 31. Kb1 Rg8 32. Ne4 $1 Rxg5 33. Nxg5+ Kg7 34. Bc4 $36 {[%cal Rc4e6][%mdl 2048] White has good play.} Qxh5 35. Nxe6+ Bxe6 36. Qxe6 (36. Bxe6 $14 Kg6 37. Qb3 Qh1+ 38. Ka2) 36... Qh1+ $2 {[%mdl 8192]} (36... Qd1+ $11 {and Black stays safe.} 37. Ka2 Qxc2) 37. Ka2 $18 {Strongly threatening Qf7+.} Qe4 38. Qf7+ Kh6 39. Bd3 Qe7 40. Qxf5 {[%csl Gd3][%cal Rf5g6]} Ne5 41. Be4 b6 $2 (41... b5 {is a better chance.} 42. Kb1 Qd6) 42. Qh3+ Kg5 43. Qe3+ Kg4 44. Qxb6 Kf4 45. Bd5 Qd7 46. c4 Qh3 47. Qf6+ (47. Qd4+ $142 Kf5 48. Be4+ Ke6 49. Qd5+ Kf6 50. Qd8+ Kf7 51. Bd5+ Kg6 52. Qd6+ Kg5 53. Qxe5+ Qf5 54. Qg3+ Kh6 55. Qd6+ Kg5 56. c5) 47... Qf5 48. Qxa6 Nd3 49. Qh6+ Ke5 50. Qe3+ Kd6 51. Be4 Nc1+ 52. Kb1 {Precision: White = 60%, Black = 32%.} 1-0

[Event "NOR-chT Codanserien 2017-18"]
[Site "Oslo"]
[Date "2017.12.02"]
[Round "2"]
[White "Lie, Espen"]
[Black "Gausel, Einar"]
[Result "1-0"]
[WhiteElo "2459"]
[BlackElo "2479"]
[Annotator "TA"]
[PlyCount "49"]
[EventDate "2017.??.??"]
[EventType "team-tourn"]
[EventCountry "NOR"]
[SourceTitle "playchess.com"]
[Source "ChessBase"]
[SourceQuality "1"]

{[%evp 18,49,32,27,35,21,22,21,23,27,17,3,16,15,25,1,2,0,0,0,0,0,0,0,0,0,0,0,0,0,0,0,687,687]} 1. g3 d5 2. Nf3 c6 3. Bg2 Bg4 4. Ne5 Bf5 5. d4 Nd7 6. O-O {A07: Réti Opening: New York and Capablanca Systems} (6. Nd3 e6 7. O-O Ngf6 8. Nd2 Be7 9. b3 O-O 10. Bb2 c5 11. dxc5 Nxc5 12. Bxf6 gxf6 13. Nxc5 Bxc5 {1-0 (45) Granda Zuniga,J (2614)-Ragger,M (2674) Bahia Feliz 2011}) 6... Ngf6 7. c4 e6 8. Nc3 Bd6 9. Bf4 Qb8 10. Nxd7 {LiveBook: 3 Games} Nxd7 11. cxd5 (11. Bd2 {looks sharper.} O-O 12. e4 dxe4 13. Nxe4 e5 14. Nxd6 Qxd6 15. Bc3) 11... exd5 12. Bxd6 Qxd6 13. e4 dxe4 14. Bxe4 Bxe4 15. Nxe4 Qg6 $146 16. d5 {Strongly threatening dxc6.} O-O ({But not} 16... Qxe4 $2 17. Re1 $18) 17. dxc6 Qxc6 18. Rc1 Qxe4 19. Qxd7 Rad8 20. Qb5 a6 21. Qb6 Rd7 22. Rfe1 Qd5 23. b3 Qd2 24. Qe3 Qxa2 $2 {[%mdl 8192] [#]} (24... g6 $11) 25. Rc8 $3 {[%mdl 512]} 1-0

[Event "NOR-chT Codanserien 2017-18"]
[Site "Oslo"]
[Date "2017.12.02"]
[Round "2"]
[White "Hauge, Lars Oskar"]
[Black "Hole, Oystein"]
[Result "0-1"]
[WhiteElo "2439"]
[BlackElo "2333"]
[Annotator "TA"]
[PlyCount "60"]
[EventDate "2017.??.??"]
[EventType "team-tourn"]
[EventCountry "NOR"]
[SourceTitle "playchess.com"]
[Source "ChessBase"]
[SourceQuality "1"]

{[%evp 22,60,-85,-76,-52,-58,-55,-26,-25,-86,83,-113,-124,-147,-121,-202,-197,-243,-257,-249,-259,-264,-267,-277,-260,-393,-305,-306,-306,-305,-270,-297,-312,-532,-527,-515,-518,-550,-529,-612,-606]} 1. e4 c6 2. d4 d5 3. Nc3 dxe4 4. Nxe4 Bf5 5. Ng3 Bg6 6. h4 h6 7. Nh3 e6 8. Nf4 Bh7 9. Bc4 Nf6 10. O-O Bd6 11. Nxe6 {B18: Classical Caro-Kann: 4...Bf5 sidelines} fxe6 12. Bxe6 {LiveBook: 11 Games} Qc7 (12... Na6 13. Re1 Kf8 14. Qf3 Nc7 15. Bb3 Bg8 16. Nf5 Bxb3 17. axb3 Ncd5 18. Re6 Bb4 {½-½ (67) Arman,D (2377)-Nabaty,T (2640) Zalakaros 2017}) 13. Re1 {Black is slightly better.} Nbd7 14. Bh3+ Kf8 $146 ({Predecessor:} 14... Kd8 15. Nf5 Bxf5 16. Bxf5 Bh2+ 17. Kh1 Bf4 18. Qf3 Bxc1 19. Raxc1 {1-0 (26) Rocha,W (2363)-Ikejiri,D (1918) Matinhos 2015}) 15. Qf3 (15. Nf5 $11) 15... Re8 $2 {[#]} (15... Bxc2 $17 {And now ...Bg6 would win.} 16. Nh5 Qa5) 16. Bd2 $2 (16. Bxh6 $1 $16 {[%mdl 512] is necessary to keep the advantage.} Kf7 (16... gxh6 17. Bxd7) 17. Qb3+ Kf8 18. Bg5) 16... Bxc2 $17 17. Nh5 Kf7 18. Nf4 (18. Rac1 $17 {was called for.} Be4 19. Rxe4 Rxe4 20. Bxd7 Bh2+ 21. Kh1 Rxh4 22. Nxf6 gxf6 23. Bh3) 18... Be4 $19 19. Rxe4 Rxe4 20. Qb3+ Ke8 21. Ng6 Rf8 ({Inferior is} 21... Rxd4 22. Nxh8 Rd5 23. Re1+ Kd8 24. Nf7+ Kc8 25. Nxd6+ Qxd6 26. Re6 $18) 22. Bf5 {[#]} Re7 $1 23. Qa4 (23. Nxe7 {might work better.} Kxe7 24. g3) 23... Nd5 24. Nxf8 Kxf8 25. Qxa7 Qb6 26. Qa8+ Re8 27. Qa4 $2 (27. Qa5 {was the only chance.} Qxa5 28. Bxa5) 27... Qxb2 {Black is clearly winning.} 28. Qd1 N7f6 29. Bg6 Re7 30. Be1 Nf4 {Precision: White = 29%, Black = 63%.} 0-1

[Event "NOR-chT Codanserien 2017-18"]
[Site "Oslo"]
[Date "2017.12.02"]
[Round "2"]
[White "Devereaux, Maxim L"]
[Black "Notkevich, Benjamin Arvola"]
[Result "0-1"]
[WhiteElo "2374"]
[BlackElo "2455"]
[Annotator "TA"]
[PlyCount "86"]
[EventDate "2017.??.??"]
[EventType "team-tourn"]
[EventCountry "NOR"]
[SourceTitle "playchess.com"]
[Source "ChessBase"]
[SourceQuality "1"]

{[%evp 21,86,25,68,26,24,23,29,14,180,2,0,0,0,0,0,0,0,-8,0,-22,60,0,0,0,-10,-2,-14,-25,-26,-24,-11,-25,-41,-33,-60,-371,-372,-520,-532,-506,-501,-483,-418,-418,-418,-406,-412,-416,-403,-454,-405,-471,-477,-518,-518,-593,-597,-612,-600,-596,-594,-590,-574,-545,-538,-527,-514]} 1. Nf3 Nf6 2. c4 g6 3. Nc3 Bg7 4. e4 d6 5. d4 {[%cal Bd2d4,Bd4d5][%mdl 32]} O-O 6. Be2 e5 7. O-O Nc6 8. d5 Ne7 9. Nd2 a5 10. Rb1 Bd7 11. b3 {E97: King's Indian: Classical Main Line (6...e5 7 0-0 Nc6): 8 Be3 and 8 d5 Ne7, not 9 Ne1} c6 {LiveBook: 12 Games} 12. dxc6 (12. Bb2 Bh6 13. a3 c5 14. Bc1 Ne8 15. b4 axb4 16. axb4 b6 17. bxc5 bxc5 18. Nb3 Bg7 {½-½ (28) Beliavsky,A (2623)-Bacrot,E (2711) Jerusalem 2015}) 12... bxc6 13. Nf3 $146 {White has an edge.} ({Predecessor:} 13. a3 d5 14. b4 axb4 15. axb4 Be6 16. b5 d4 17. Na4 cxb5 18. cxb5 d3 {0-1 (35) Siegel,G (2389)-Jenni,F (2504) Switzerland 2005}) 13... Ne8 14. Ba3 f5 $2 {[#]} (14... c5 $11 {and Black stays safe.}) 15. Ne1 $2 ({Much less strong is} 15. Bxd6 $6 Nxd6 16. Qxd6 fxe4 $16) (15. c5 $1 $18) 15... Be6 16. Bf3 Ra7 17. Nc2 Rd7 18. Qe2 Nf6 19. Rbd1 Rf7 20. Ne3 Kh8 (20... a4 $11) 21. Rd2 (21. exf5 $14 gxf5 22. Nc2) 21... fxe4 $11 22. Nxe4 Nxe4 23. Bxe4 d5 24. Bb1 e4 {[%cal Be5e4,Be4e3][%mdl 32]} 25. cxd5 cxd5 26. Qa6 Rf6 27. Qb5 d4 $36 {[%mdl 2048] Black has some pressure.} 28. Nc4 $2 {[%mdl 8192] [#]} (28. Rfd1 $1 $15 Nf5 29. Ng4) 28... e3 $1 $19 {[%mdl 512]} 29. Re2 (29. fxe3 dxe3) 29... Nd5 {And now ...Nc3 would win.} 30. Bb2 Nf4 31. Nxe3 Nxe2+ (31... dxe3 $2 32. Rxe3 Rff7 33. Be5 $19) 32. Qxe2 dxe3 33. Bxf6 Bxf6 ({Not} 33... Qxf6 34. Qxe3 Rd4 35. h3 $19) 34. Qxe3 Bf7 35. Be4 Kg7 36. g3 Rd2 {Black is clearly winning.} 37. Bf3 Qd4 38. Qxd4 Bxd4 39. Rd1 Bxf2+ 40. Kf1 Rxa2 41. Rd7 Bc5 42. Bd5 Rf2+ 43. Ke1 Rf5 {Precision: White = 27%, Black = 66%.} 0-1

[Event "NOR-chT Codanserien 2017-18"]
[Site "Oslo"]
[Date "2017.12.02"]
[Round "2"]
[White "Haug, Johannes"]
[Black "Lie, Kjetil A"]
[Result "0-1"]
[WhiteElo "2359"]
[BlackElo "2538"]
[Annotator "TA"]
[PlyCount "74"]
[EventDate "2017.??.??"]
[EventType "team-tourn"]
[EventCountry "NOR"]
[SourceTitle "playchess.com"]
[Source "ChessBase"]
[SourceQuality "1"]

{[%evp 10,74,-11,-6,14,27,45,12,43,7,47,52,62,55,62,61,60,77,55,22,22,12,25,-6,0,0,12,0,20,0,26,9,17,0,47,16,69,56,78,0,0,0,0,0,0,0,29,40,33,0,0,0,0,0,-3,-52,-52,-52,-46,-56,-10,-10,-10,-24,-23,-16,0]} 1. e4 c5 2. Nf3 e6 3. b3 b6 4. Bd3 Bb7 5. O-O Nc6 6. Re1 {LiveBook: 31 Partien. B40: Sizilianisch (Klassisches System mit e7-e6)} Qc7 7. Bb2 Nge7 8. Bf1 {Weiß steht etwas besser.} Ng6 9. g3 $146 ({Vorgänger:} 9. c3 Rc8 10. d4 cxd4 11. cxd4 Bb4 {1-0 (35) Anand,V (2800)-Polgar,J (2682) Kristiansund 2010}) 9... f6 10. c3 Be7 11. d4 O-O 12. d5 Nce5 13. Nxe5 fxe5 14. dxe6 dxe6 15. Nd2 Rf6 16. Bc4 Raf8 17. f3 Nh8 18. Qe2 Nf7 19. Rf1 Rg6 20. Rad1 Bg5 21. Rf2 Bh6 22. Kg2 Qe7 ({Besser ist} 22... Bg5 $11) 23. Nf1 $14 {[%cal Bd2f1,Bf1h2,Bh2g4][%mdl 32]} Rf6 24. h4 (24. Bd3 $16) 24... g5 $11 {Droht stark ...gxh4.} 25. h5 {[#] Sh2 ist eine echte Drohung.} g4 $1 {[%cal Rg4f3]} 26. Nh2 $1 {[%cal Rh2g4]} gxf3+ 27. Rxf3 Ng5 (27... Rxf3 {looks sharper.} 28. Nxf3 Nd6 29. Bd3 Qg7 30. Kh3 Nf7) 28. Rxf6 Qxf6 ({Nicht} 28... Bxe4+ $2 29. Qxe4 Qxf6 30. Qe2 $18) 29. Ng4 Bxe4+ 30. Qxe4 Nxe4 31. Nxf6+ Rxf6 32. Rf1 (32. Re1 {is interesting.} Rf2+ 33. Kg1 Rxb2 34. Rxe4 Rxa2 35. Rxe5 Bd2 36. Rxe6 Kf8 37. Rf6+) 32... Kf7 33. Rxf6+ Nxf6 34. Be2 Be3 35. Kf3 Bd2 36. c4 e4+ {[%cal Be5e4,Be4e3][%mdl 32]} 37. Kf2 e3+ {[%mdl 32768] Precision: Weiß = 53%, Schwarz = 36%. . Loss on Time!?} 0-1

[Event "NOR-chT Codanserien 2017-18"]
[Site "Oslo"]
[Date "2017.12.02"]
[Round "2"]
[White "Kaasen, Tor Fredrik"]
[Black "Nordquelle, Daniel"]
[Result "0-1"]
[WhiteElo "2347"]
[BlackElo "2188"]
[Annotator "ChessBase"]
[PlyCount "100"]
[EventDate "2017.??.??"]
[EventType "team-tourn"]
[EventCountry "NOR"]
[SourceTitle "playchess.com"]
[Source "ChessBase"]
[SourceQuality "1"]
[TimeControl "40/5400+30:1800+30"]

1. d4 {[%emt 0:02:24]} d5 {[%emt 0:01:36]} 2. c4 {[%emt 0:00:18]} e6 {[%emt 0:00:06]} 3. Nf3 {[%emt 0:00:05]} Nf6 {[%emt 0:00:57]} 4. Nc3 {[%emt 0:02:17]} Nbd7 {[%emt 0:00:58]} 5. Bg5 {[%emt 0:00:45]} h6 {[%emt 0:00:33]} 6. Bh4 {[%emt 0:00:30]} Bb4 {[%emt 0:00:18]} 7. e3 {[%emt 0:02:20]} g5 {[%emt 0:01:48]} 8. Bg3 {[%emt 0:00:18]} Ne4 {[%emt 0:00:07]} 9. Qb3 {[%emt 0:03:59]} a5 {[%emt 0:40:32]} 10. cxd5 {[%emt 0:02:54]} exd5 {[%emt 0:01:00]} 11. a3 {[%emt 0:01:00]} Bxc3+ {[%emt 0:04:34]} 12. bxc3 {[%emt 0:00:23]} Nb6 {[%emt 0:04:54]} 13. Bb5+ {[%emt 0:04:00]} Kf8 {[%emt 0:04:06]} 14. Bd3 {[%emt 0:02:58]} Bf5 {[%emt 0:03:24]} 15. Bxe4 {[%emt 0:04:13]} Bxe4 {[%emt 0:01:01]} 16. Qb5 {[%emt 0:01:46]} Kg7 {[%emt 0:04:36]} 17. a4 {[%emt 0:05:58]} c6 {[%emt 0:03:57]} 18. Qb3 {[%emt 0:01:56]} Ra7 {[%emt 0:02:21]} 19. h4 {[%emt 0:03:46]} Nc4 {[%emt 0:07:41]} 20. hxg5 {[%emt 0:21:41]} hxg5 {[%emt 0:00:04]} 21. O-O-O {[%emt 0:00:16]} f6 {[%emt 0:01:50]} 22. Rxh8 {[%emt 0:01:05]} Kxh8 {[%emt 0:01:49]} 23. Nd2 {[%emt 0:03:58]} Bd3 {[%emt 0:02:03]} 24. Nxc4 {[%emt 0:01:53]} dxc4 {[%emt 0:01:20]} 25. Qa3 {[%emt 0:01:19]} Ra6 {[%emt 0:04:23]} 26. Bd6 {[%emt 0:07:33]} Rb6 {[%emt 0:02:09]} 27. Be7 {[%emt 0:02:59]} Rb1+ {[%emt 0:00:44]} 28. Kd2 {[%emt 0:00:01]} Qb6 {[%emt 0:00:12]} 29. Bxf6+ {[%emt 0:11:26]} Kg8 {[%emt 0:00:02]} 30. e4 {[%emt 0:04:57]} Rb2+ {[%emt 0:03:15]} 31. Ke3 {[%emt 0:00:00]} Qc7 {[%emt 0:00:37]} 32. g3 {[%emt 0:01:43]} Re2+ {[%emt 0:00:33]} 33. Kf3 {[%emt 0:00:03]} Qh7 {[%emt 0:00:55]} 34. Qe7 {[%emt 0:04:06]} Qh5+ {[%emt 0:00:23]} 35. Kg2 {[%emt 0:00:05]} Bxe4+ {[%emt 0:01:04]} 36. Kf1 {[%emt 0:00:01]} Bg2+ {[%emt 0:00:52]} 37. Kxg2 {[%emt 0:00:03]} Rxe7 {[%emt 0:00:06]} 38. Rh1 {[%emt 0:00:04]} Qe2 {[%emt 0:00:20]} 39. Rh8+ {[%emt 0:00:38]} Kf7 {[%emt 0:00:36]} 40. Bxe7 {[%emt 0:00:02]} Kxe7 {[%emt 0:29:42]} 41. Rh7+ {[%emt 0:30:16]} Kd6 {[%emt 0:00:25]} 42. Rxb7 {[%emt 0:00:05]} g4 {[%emt 0:00:21]} 43. Rf7 {[%emt 0:00:52]} Qe4+ {[%emt 0:00:49]} 44. Kh2 {[%emt 0:00:08]} Qc2 {[%emt 0:00:36]} 45. Rf4 {[%emt 0:00:11]} Qxc3 {[%emt 0:00:22]} 46. Rxg4 {[%emt 0:00:10]} Qd2 {[%emt 0:00:14]} 47. Rg6+ {[%emt 0:00:14]} Kd5 {[%emt 0:00:20]} 48. Rg8 {[%emt 0:00:56]} Qxf2+ {[%emt 0:00:10]} 49. Kh3 {[%emt 0:00:20]} c3 {[%emt 0:00:10]} 50. Rd8+ {[%emt 0:00:05]} Ke4 0-1

[Event "NOR-chT Codanserien 2017-18"]
[Site "Oslo"]
[Date "2017.12.02"]
[Round "2"]
[White "Galchenko, Matvey"]
[Black "Andersen, Lars Even"]
[Result "1/2-1/2"]
[WhiteElo "2340"]
[BlackElo "2302"]
[Annotator "NA"]
[PlyCount "63"]
[EventDate "2017.??.??"]
[EventType "team-tourn"]
[EventCountry "NOR"]
[SourceTitle "playchess.com"]
[Source "ChessBase"]
[SourceQuality "1"]
[TimeControl "40/5400+30:1800+30"]

1. c4 {[%emt 0:00:00]} c6 {[%emt 0:02:42]} 2. e4 {[%emt 0:00:00]} d5 {[%emt 0:00:19]} 3. exd5 {[%emt 0:00:06]} cxd5 {[%emt 0:00:07]} 4. cxd5 {[%emt 0:00:01]} Nf6 {[%emt 0:00:32]} 5. Qa4+ {[%emt 0:00:07]} Nbd7 {[%emt 0:03:13]} 6. Nc3 {[%emt 0:00:54]} g6 {[%emt 0:00:19]} 7. Bc4 {[%emt 0:02:28]} Bg7 {[%emt 0:00:37]} 8. d3 {[%emt 0:00:08]} O-O {[%emt 0:00:24]} 9. Nf3 {[%emt 0:00:03]} Nb6 {[%emt 0:01:02]} 10. Qb3 {[%emt 0:00:21]} Bg4 {[%emt 0:04:31] B10: Caro-Kann: 2 d3 and 2 c4} 11. Ne5 {[%emt 0:00:33]} Qc7 {[%emt 0:01:57]} 12. f4 {[%emt 0:20:15]} Nbd7 {[%emt 0:17:16]} (12... Qc5 13. h3 Bc8 14. Ke2 Nh5 15. Kf3 e6 16. g4 exd5 17. Nxd5 Nxd5 18. Bxd5 Bxe5 19. gxh5 {1-0 (46) Zhigalko,A (2594)-Hovhannisyan,R (2641) Yerevan 2016}) 13. Nxg4 $146 {[%emt 0:09:55]} ({Predecessor:} 13. Nb5 Qb6 14. h3 Nc5 15. Qa3 a6 16. Nd4 Bc8 17. Be3 Qd6 18. Ndc6 Nxd3+ 19. Qxd3 bxc6 20. dxc6 {½-½ (58) Liiva,R (2410)-Edzgveradze,N (2320) Holon 1995}) 13... Nxg4 {[%emt 0:00:16]} 14. h3 {[%emt 0:01:11]} Ngf6 {[%emt 0:06:41]} 15. Be3 {[%emt 0:04:06]} Nh5 {[%emt 0:08:41]} 16. O-O {[%emt 0:06:41]} Ng3 {[%emt 0:05:12]} 17. Rfe1 {[%emt 0:00:59]} Nf5 {[%emt 0:02:21]} 18. Bf2 {[%emt 0:06:28]} Qxf4 {[%emt 0:04:04]} 19. Re4 {[%emt 0:06:53]} Qc7 {[%emt 0:07:08]} 20. Nb5 {[%emt 0:07:59]} Qb8 {[%emt 0:07:54]} 21. g4 $2 {[%emt 0:03:49] [#]} ({White should play} 21. d4 $15) 21... Nc5 $1 {[%emt 0:03:37]} 22. Bxc5 {[%emt 0:11:56]} Qg3+ {[%emt 0:00:16]} 23. Kf1 {[%emt 0:00:25]} Qxh3+ {[%emt 0:01:59]} 24. Ke1 {[%emt 0:02:29] [#]} Ng3 $1 {[%emt 0:11:09]} 25. Re3 $19 {[%emt 0:10:26]} (25. Rxe7 Qf1+ 26. Kd2 Qxa1 27. d6) 25... Qf1+ {[%emt 0:03:23]} 26. Kd2 {[%emt 0:00:02]} Qf2+ {[%emt 0:00:49]} 27. Kd1 {[%emt 0:00:11]} Bh6 {[%emt 0:00:21]} 28. Qc2 {[%emt 0:01:31]} Qf1+ {[%emt 0:05:06]} 29. Re1 {[%emt 0:00:04]} Qf3+ {[%emt 0:00:08]} 30. Re2 {[%emt 0:00:03]} Qf1+ {[%emt 0:01:28]} 31. Re1 {[%emt 0:00:01]} Qf3+ {[%emt 0:00:11]} 32. Re2 {[%emt 0:00:01]} 1/2-1/2

[Event "NOR-chT Codanserien 2017-18"]
[Site "Oslo"]
[Date "2017.12.02"]
[Round "2"]
[White "Persson, Mats"]
[Black "Andersen, Alf R"]
[Result "1/2-1/2"]
[WhiteElo "2306"]
[BlackElo "2161"]
[Annotator "RC"]
[PlyCount "41"]
[EventDate "2017.??.??"]
[EventType "team-tourn"]
[EventCountry "NOR"]
[SourceTitle "playchess.com"]
[Source "ChessBase"]
[SourceQuality "1"]
[TimeControl "40/5400+30:1800+30"]

1. e4 {[%emt 0:00:00]} e6 {[%emt 0:00:15]} 2. Qe2 {[%emt 0:00:00]} c5 {[%emt 0:02:31]} 3. f4 {[%emt 0:00:00]} Nc6 {[%emt 0:01:46]} 4. Nf3 {[%emt 0:00:06]} Be7 {[%emt 0:04:41]} 5. g3 {[%emt 0:00:32]} d5 {[%emt 0:01:24]} 6. d3 {[%emt 0:00:20]} Nf6 {[%emt 0:03:42]} 7. Bg2 {[%emt 0:00:15]} O-O {[%emt 0:00:26]} 8. O-O {[%emt 0:00:26]} b5 {[%emt 0:06:34]} 9. e5 {[%emt 0:00:23]} Ne8 {[%emt 0:03:45]} 10. a4 {[%emt 0:00:46]} b4 {[%emt 0:01:34]} 11. Be3 {[%emt 0:00:07]} Nc7 {[%emt 0:07:04]} 12. Nbd2 {[%emt 0:02:19]} Na5 {[%emt 0:09:22]} 13. Nb3 {[%emt 0:04:27]} Na6 {[%emt 0:00:28]} 14. Qf2 {[%emt 0:17:43]} Qc7 {[%emt 0:00:39]} 15. Rfc1 {[%emt 0:17:06]} Bb7 {[%emt 0:02:28]} 16. h4 {[%emt 0:03:17]} Rac8 {[%emt 0:03:45]} 17. Kh2 {[%emt 0:02:10]} Nb8 {[%emt 0:09:19]} 18. Qe2 {[%emt 0:05:40]} Nd7 {[%emt 0:03:27]} 19. Nxa5 {[%emt 0:08:41]} Qxa5 {[%emt 0:00:07]} 20. b3 {[%emt 0:00:18]} Ba6 {[%emt 0:04:48]} 21. Qd1 {[%emt 0:03:23]} 1/2-1/2